Can You Name All The Characteristics Of Grom From Brawl Stars? - Statistics

General Stats
  • This quiz has been taken 2 times
  • The average score is 7 of 15
Answer Stats
Hint Answer % Correct
Rarity Epic
100%
Class Artillery
50%
Trio Castle Courtyard
50%
Star Power Foot Patrol
50%
Super Grom Bomb
50%
Hypercharge Grom Bomb Goes Boom
50%
Buffies No
50%
Trait No
50%
Gadgets Radio Check
50%
Prestige Title Red Hood
50%
Gadgets Watchtower
50%
Title With One Left hand
50%
Star Power X-Factor
50%
Attack Bud Go Boom
0%
Voice Actor Gordon Gibson
0%
No matching quizzes found
Score Distribution
Percent of People with Each Score
Percentile by Number Answered
Your Score History
You have not taken this quiz